| 000 | 00466ntaaa2200181 4500 | ||
|---|---|---|---|
| 003 | 01 | ||
| 005 | 20251027202926.0 | ||
| 008 | 0714s1973 ag 01 | ||
| 040 |
_aAR-BaBN _bspa _cAR-BaBN _eaacr _dRIC |
||
| 082 | _a922.2200 J87d | ||
| 100 |
_aJuan de la Cruz, San _929778 |
||
| 245 | _aDark night of the soul | ||
| 250 | _a3 ed. rev. | ||
| 260 |
_aGarden City, N.Y. : _bImage Books, _c1959 |
||
| 300 |
_a439 p ; _c18 cm |
||
| 650 |
_ameditaciones _95341 |
||
| 942 | _cBK | ||
| 999 |
_c24483 _d24483 |
||